000 00485nam a2200181Ia 4500
005 20250326123903.0
008 250326s9999 xx 000 0 und d
037 _aTextbook
040 _aFMSL
_beng
_cFMSL
041 _aeng
_2eng
084 _aS8:6 k6
_qFMSL
100 _aToch H
_9105618
245 0 _aSocial psychology of social movements
_cToch H
260 _aLondon
_bLondon, Methuen
_c1966
300 _a257p
942 _cTB
_hS8:6 k6
999 _c1271352
_d1271352